Kolik je hodin, Tomáši? /

Hlavní autor: Awdry, Christopher, 1940-
Jazyk: Čeština
Vydáno: V Praze : Egmont, 2006
Vydání: 1. vyd.
Edice: Tomáš a jeho přátelé
Témata:
Fyzický popis: [8] s. : barev. il. ; 28 cm
Knihy
Uloženo v:
LEADER 01568nam a2200457 a 4500
001 nkc20071716161
003 CZ PrNK
005 20150227100507.0
007 ta
008 070416s2006 xr a a 000 1 cze
015 |a cnb001716161 
020 |a 80-252-0517-7  |q (váz.) 
035 |a (OCoLC)137331087 
040 |a BOA001  |b cze  |d ABA001 
041 1 |a cze  |h eng 
072 7 |a 821-93  |x Literatura pro děti a mládež (beletrie)  |2 Konspekt  |9 26 
080 |a 821-93  |2 MRF 
080 |a 006.92  |2 MRF 
080 |a (0.025.2)  |2 MRF 
100 1 |a Awdry, Christopher,  |d 1940-  |7 xx0010567  |4 aut 
245 1 0 |a Kolik je hodin, Tomáši? /  |c Christopher Awdry 
250 |a 1. vyd. 
260 |a V Praze :  |b Egmont,  |c 2006 
300 |a [8] s. :  |b barev. il. ;  |c 28 cm 
490 1 |a Tomáš a jeho přátelé 
500 |a Přeloženo z angličtiny? 
500 |a Kartonové listy s průřezy na ciferník (ø 9 cm) s plastovými ručičkami 
521 8 |a Nevhodné pro děti do 3 let 
650 0 7 |a určování času  |7 ph136868  |2 czenas 
650 0 9 |a time determination  |2 eczenas 
655 7 |a leporela  |7 fd132727  |2 czenas 
655 7 |a publikace pro děti  |7 fd133156  |2 czenas 
655 9 |a folding picture-books  |2 eczenas 
655 9 |a children's literature  |2 eczenas 
765 0 |t Thomas & friends. What's the time, Thomas?  |9 Česky 
830 0 |a Tomáš a jeho přátelé  |0 s 
910 2 |a BOA001  |b M3-1185.347 
990 |a BK 
995 |a 01 
991 |b 200704 
996 6 |b 2610307523  |c M3-1185.347  |l MZK  |r Sklad / do 24 hodin  |n 2  |p p.v.  |w 000848046  |u 000010  |a 1  |e BOA001  |j MZK50  |s P